000 00258nam a2200109 a 4500
005 20140513081051.0
008 020606s19uu xx 00 eng d
050 _aP 808.1
_bFIV
245 _aFive little monkeys.
650 _aRhymes
_xPosters
999 _c116343
_d116343